000 00998cam a22003257a 4500
003 CHAP
005 20220817042522.0
008 971013s1977 r 00010 d
010 _a46983
011 _a47955
035 _a52099
040 _cCHAP
082 _a634.956
_bF38
110 2 _aFAO
245 1 0 _aSavanna afforestation in Africa
_b: lecture notes for the FAO
_c/ DANIDA training course
260 _aRome :
_bFAO,
_c1977
300 _a312 p.
_b: ilus.
490 0 _aFAO. Montes
_v; 11
590 _aBATCH-UPD
_b10
_c20130110
_lUCH01
_h0306
590 _aBATCH-UPD
_b10
_c20130110
_lUCH01
_h1820
590 _aBATCH-UPD
_b10
_c20130409
_lUCH01
_h2337
590 _aBATCH-UPD
_b10
_c20130914
_lUCH01
_h1351
590 _aCONVERSION
_b10
_c20130109
_lUCH01
_h1326
650 1 4 _aReforestación.
_995474
650 1 4 _aReforestación
_xSabanas.
_995507
830 0 _aFAO. Montes
_v; 11
_939632
901 _aBK
942 _cLIBRO
949 _a634.956 F38
_bBC
_cFAO
_d-116248
_eFAO1
_h23939
_i52099
_si
999 _c46983
_d46983